000 00308nam a2200133Ia 4500
008 190216s9999||||xx |||||||||||||| ||und||
100 _aCharles Wexler
245 0 _aAnalytic Geometry
250 _aFIRST
260 _bAddison-Wesley Pbl: Co:
_c1961
300 _a291
650 _aMathematics
942 _cBK
999 _c30519
_d30519